000 00407nam a2200169Ia 4500
008 090711s9999 xx 000 0 und d
082 _b67063
100 _aओक जनार्दन
245 _aमाग
260 _c1991
300 _a156
600 _aओक जनार्दन
630 _aमाग
700 _aओक जनार्दन
730 _aमाग
942 _cBOOK
999 _c295495
_d295495